000 00526nam a2200193Ia 4500
005 20250326143306.0
008 250326s9999 xx 000 0 und d
037 _aTextbook
040 _aFMSL
_beng
_cFMSL
041 _aeng
_2eng
084 _aD658(2:55) N7
_qFMSL
100 _aRajaraman V
245 0 _aComputer programming in pascal
_cRajaraman V
250 _a2
260 _aNew Delhi
_bNew Delhi, Prentice Hall
_c1997
300 _a197p
942 _cTB
_hD658(2:55) N7
999 _c1298947
_d1298947